000 00635nam a22002177a 4500
003 UA-OsUOA
001 63977
007 ta
008 20091027b un ||||| |||| 00| 0 ukr d
100 _aЛазарєва Є.
090 _a330(477)
_bЛ17
942 _cSA
040 _aUA-OsUOA
_bukr
_cUA-OsUOA
_dUA-OsUOA
245 _aДослідження інноваційних перетворень у регіональній економіці
300 _aС.38-45
955 _a0
041 _aukr
080 _a330(477)
773 0 _w63975
_tЕкономіст
_dК.
_d2009
_g9
650 7 _a330 Економіка взагалі
_2UDC
999 _c350053
_d350053